000 00510nam a2200181Ia 4500
001 21162
005 20260306172859.0
008 260306t2004||||xx |||||||||||||| ||spa||
041 _aESP
082 _a344E
_bV66A
100 _aVilla Stein, Javier [1948-...]
_eAUT
245 0 _aDerecho penal:
_bparte especial. Delitos contra la vida, el cuerpo y la salud, delito de lesa humanidad
260 _c2004
300 _a265 páginas :
_c21 cm.
650 _aGEN
654 _aCDE
942 _cLIB
_dJUS
_fJUS
_2ddc
_n
999 _c21162
_d21162